| 000 -LEADER |
| fixed length control field |
00629nam a22001577a 4500 |
| 005 - DATE AND TIME OF LATEST TRANSACTION |
| control field |
20240313174529.0 |
| 008 - FIXED-LENGTH DATA ELEMENTS--GENERAL INFORMATION |
| fixed length control field |
240313s1970 ru ||||| |||| 00| 0 rus d |
| 041 ## - LANGUAGE CODE |
| Language code of text/sound track or separate title |
rus |
| 080 ## - UNIVERSAL DECIMAL CLASSIFICATION NUMBER |
| Universal Decimal Classification number |
631 Y-91 |
| 245 ## - TITLE STATEMENT |
| Title |
Учёные земледельцы древней Италии / |
| Statement of responsibility, etc. |
Пер. с латинского М.Е. Сергеенко. |
| 264 ## - PRODUCTION, PUBLICATION, DISTRIBUTION, MANUFACTURE, AND COPYRIGHT NOTICE |
| Place of production, publication, distribution, manufacture |
Ленинград: |
| Name of producer, publisher, distributor, manufacturer |
Наука, |
| Date of production, publication, distribution, manufacture, or copyright notice |
1970. |
| 300 ## - PHYSICAL DESCRIPTION |
| Extent |
291 с.; |
| Other physical details |
22 см. |
| 653 ## - INDEX TERM--UNCONTROLLED |
| keyword |
ძველი იტალიის მეცნიერი ფერმერები |
| 700 ## - ADDED ENTRY--PERSONAL NAME |
| Personal name |
Сергеенко, М.Е. |
| Relator term |
მთარგმნელი |
| 9 (RLIN) |
20428 |
| 942 ## - ADDED ENTRY ELEMENTS (KOHA) |
| Source of classification or shelving scheme |
|
| Koha item type |
წიგნი |